Interní rovnováha - hodnocení velikosti pracovních pozic

Princíp internej rovnováhy patrí k najdôležitejším súčastiam systému odmeňovania, hoci je často podceňovaný. Ohodnotenie veľkosti pracovných pozícií, ktoré je hlavnou súčasťou princípu internej rovnováhy je kostrou celého systému odmeňovania. Základom pre hodnotenie sú kvalitne pripravené popisy typ...

Descripción completa

Guardado en:
Detalles Bibliográficos
Autor principal: Kopecký, Martin
Formato: Capítulo de libro
Lenguaje:checo
Materias:
Etiquetas: Agregar Etiqueta
Sin Etiquetas, Sea el primero en etiquetar este registro!

MARC

LEADER 00000naa a2200000 4500
001 0178556
005 20231113133422.4
041 0 |a cze 
044 |a CZ 
245 1 0 |a Interní rovnováha - hodnocení velikosti pracovních pozic  |c Martin Kopecký 
520 |a Princíp internej rovnováhy patrí k najdôležitejším súčastiam systému odmeňovania, hoci je často podceňovaný. Ohodnotenie veľkosti pracovných pozícií, ktoré je hlavnou súčasťou princípu internej rovnováhy je kostrou celého systému odmeňovania. Základom pre hodnotenie sú kvalitne pripravené popisy typových pracovných pozícií. 
610 2 0 |a podnik 
610 2 0 |a systém 
610 2 0 |a odmeňovanie 
100 1 |a Kopecký, Martin